| 000 | 01172cam a2200265 i 4500 | ||
|---|---|---|---|
| 003 | SA-RiAUC | ||
| 005 | 20250420102716.0 | ||
| 008 | 250419s2007 su g b 000r0 ara c | ||
| 040 |
_aSA-RiPNUNIV _bara _cSA-RiAUC _erda |
||
| 082 | 0 | 4 |
_a234 _qSA-RiAUC |
| 090 |
_a234 _b ا ق و |
||
| 245 | 0 | 0 |
_aأقوال الإمام الشافعي في الجرح والتعديل / _cجمع وتحقيق رفيق حميد طه السامرائي. |
| 250 | _aالطبعة الأولى. | ||
| 264 | 1 |
_aالرياض : _bمكتبة الرشد ناشرون، _c2007 |
|
| 300 |
_a123 صفحة ؛ _c24 × 17 سم |
||
| 336 |
_aنص _btxt _2rdacontent _3كتاب |
||
| 337 |
_aبدون وسيط _bn _2rdamedia |
||
| 338 |
_aمجلد _bnc _2rdacarrier |
||
| 504 | _aيشتمل على ببليوجرافية. | ||
| 600 | 1 | 7 |
_aالإمام الشافعي، محمد بن إدريس بن العباس، _d150-204 هجري _xمساهمات في علوم الحديث _2aucnm |
| 650 | 7 |
_aالحديث _xالجرح والتعديل _2aucsh |
|
| 700 | 1 |
_aالسامرائي، رفيق حميد طه البدري _eجامع. |
|
| 942 |
_2ddc _cBOOK _n0 |
||
| 949 |
_aSA-JeALM _d250419 _umohamedma123 _n1 |
||
| 999 |
_c7215 _d7215 |
||